000 00817na a2200241 4500
001 19899
003 MIRAKIL
005 20181213155102.0
008 161228b tu 000 0
035 _a19899
040 _aMilas
_btur
_cTR-AnCHP
041 _atur
082 _a353.86
_bB29i 2008
090 _a353.86 B29i 2008
110 _aBayındırlık ve İskan Bakanlığı Afet İşleri Genel Müdürlüğü
245 _a2003-2008 faaliyet raporu
_cBayındırlık ve İskan Bakanlığı
260 _aAnkara
_bBayındırlık ve İskan Bakanlığı
_c2008
300 _a460 s.
_btbl.; res.; grf.
_c30 sm.
610 _aAfet İşleri Genel Müdürlüğü
_xFaaliyet raporları, 2003-2008
650 _aAfetler
_xÇalışmalar
_zTürkiye
710 _aBayındırlık ve İskan Bakanlığı
942 _2ddc
_cBKS
999 _c6284
_d6284